书目信息 |
| 题名: |
新编研究生英语教程
|
|
| 作者: | 魏万德主编 | |
| 分册: | ||
| 出版信息: | 武汉 武汉理工大学出版社 2006 |
|
| 页数: | 3册 | |
| 开本: | 23cm | |
| 丛书名: | ||
| 单 册: | ||
| 中图分类: | H31 | |
| 科图分类: | ||
| 主题词: | 英语-研究生 | |
| 电子资源: | ||
| ISBN: | 7-5629-2425-2 | |
| 000 | 00781nam0 2200217 45 | |
| 001 | 010463578487 | |
| 005 | 20070607103845.11 | |
| 010 | @a7-5629-2425-2@dCNY69.00 | |
| 100 | @a20061027d2006 ekmy0 y0120 ea | |
| 102 | @aCN@b420000 | |
| 105 | @ay z 000yy | |
| 200 | 1 | @a新编研究生英语教程@e求知、求实、求真系列@f魏万德主编 |
| 210 | @a武汉@c武汉理工大学出版社@d2006 | |
| 215 | @a3册@c图@d23cm | |
| 330 | @a本书含上下册=学习指导,本教材汇集了众编者多年的实践教学经验,结合使用“任务教学法”和“主题教学法”,强调学生的自主学习和研究能力的培养,旨在培养学生具有较熟练地阅读有关专业书刊的能力,熟练地与相关领域国外专家交流的能力等。 | |
| 606 | 1 | @a英语-研究生 |
| 690 | @aH31@v4 | |
| 701 | 0 | @a魏万德主编 |
| 801 | 0 | @aCN@c20070607 |
| 905 | @dH31@eW600 | |
| 906 | @dCNY69.00@n3@r1 | |
| 新编研究生英语教程:求知、求实、求真系列/魏万德主编.-武汉:武汉理工大学出版社,2006 |
| 3册:图;23cm |
| ISBN 7-5629-2425-2:CNY69.00 |
| 本书含上下册=学习指导,本教材汇集了众编者多年的实践教学经验,结合使用“任务教学法”和“主题教学法”,强调学生的自主学习和研究能力的培养,旨在培养学生具有较熟练地阅读有关专业书刊的能力,熟练地与相关领域国外专家交流的能力等。 |
| ● |
| 相关链接 |
|
|
|
正题名:新编研究生英语教程
索取号:H31/W600
 
预约/预借
| 序号 | 登录号 | 条形码 | 馆藏地/架位号 | 状态 | 备注 |
| 1 | 229995 | 202299958 | 语言库209/209语言库 87排4列5层/ [索取号:H31/W600] | 在馆 | |
| 2 | 229996 | 202299967 | 语言库209/209语言库 87排4列5层/ [索取号:H31/W600] | 在馆 | |
| 3 | 229997 | 202299976 | 语言库209/209语言库 87排4列5层/ [索取号:H31/W600] | 在馆 |